Southville International School and Colleges
Your cart is empty.
  • Cart
  • Lists
    Public lists Eva Luna New books Lux_list list_1
    Your lists Log in to create your own lists
  • Log in to your account
  • Your cookies
  • Search history
Southville International School and Colleges
  • Advanced search
  • Recent comments
  • Most popular
  • Libraries

Log in to your account

Log in with GOOGLE


If you do not have an external account, but do have a local account, you can still log in:

  1. Home
  2. MARC view: Oliver twist /
Normal view MARC view ISBD view

Oliver twist / (Record no. 358089)

[ view plain ]
MARC details
000 -LEADER
fixed length control field 00485nam a2200193Ia 4500
008 - FIXED-LENGTH DATA ELEMENTS--GENERAL INFORMATION
fixed length control field 180628s9999 xx 000 0 und d
020 ## - INTERNATIONAL STANDARD BOOK NUMBER
International Standard Book Number 978-0-553-21102-3
050 ## - LIBRARY OF CONGRESS CALL NUMBER
Classification number CLA D53o
050 ## - LIBRARY OF CONGRESS CALL NUMBER
Item number 2005
100 ## - MAIN ENTRY--PERSONAL NAME
Personal name Dickens, Charles.
245 #0 - TITLE STATEMENT
Title Oliver twist /
245 #0 - TITLE STATEMENT
Statement of responsibility, etc Charles Dickens; with an introduction by Irving Howe.
260 ## - PUBLICATION, DISTRIBUTION, ETC. (IMPRINT)
Place of publication, distribution, etc New York :
260 ## - PUBLICATION, DISTRIBUTION, ETC. (IMPRINT)
Name of publisher, distributor, etc Bantam Books,
260 ## - PUBLICATION, DISTRIBUTION, ETC. (IMPRINT)
Date of publication, distribution, etc 2005
300 ## - PHYSICAL DESCRIPTION
Extent 445 pages:
300 ## - PHYSICAL DESCRIPTION
Dimensions 18 cm.
500 ## - GENERAL NOTE
General note Bantam classic.
Holdings
Withdrawn status Lost status Damaged status Home library Current library Shelving location Date acquired Cost, normal purchase price Total Checkouts Full call number Barcode Date last seen Price effective from Koha item type
      South Mansfield College South Mansfield College Classic Section 06/20/2018 188.00   CLA D53o 2005 SMC06146 06/28/2018 06/28/2018 Books

Oliver twist /

APA

Dickens C., .Oliver twist. New York: .

Chicago

Dickens Charles, .Oliver twist. New York: .

Harvard

Dickens C., .Oliver twist. New York: .

MLA

Dickens Charles, .New York: . .

  • Place hold
  • Print
  • Cite
  • Add to your cart (remove)
  • Save record
    BIBTEX Dublin Core MARCXML MARC (non-Unicode/MARC-8) MARC (Unicode/UTF-8) MARC (Unicode/UTF-8, Standard) MODS (XML) RIS
  • More searches
    Search for this title in:
    Other Libraries (WorldCat) Other Databases (Google Scholar) Online Stores (Bookfinder.com) Open Library (openlibrary.org)

Exporting to Dublin Core...

SOUTHVILLE LIBRARY

Southville International School and Colleges Library

1281 Tropical Ave. Cor. Luxembourg St., BF Homes International, Las Pinas City

Tel. No. 8256374 / 252358 Loc. 117/146

Powered by Koha